000
00622nam a22001813 4500
001
207080
005
20251024103020.0
010
_a
966-8365-98-4
090
_a
207080
100
_a
20251024 ukry50
101
_a
ukr
102
_a
UA
200
_a
_e
_f
210
_a
_c
_d
2005
215
_a
675
_a
94(477)
801
_2
unimarc
_a
UA
_g
psbo
942
_c
BOOK
_8
EDU
_h
94(477)